000 00577nam a2200217 i 4500
001 C2-0306143
003 PPAK
005 20180728091612.0
008 100929s xx |||| ||||| | may d
040 _aPPAK
_beng
_cPPAK
_erda
082 0 4 _a899.23
_223
090 0 0 _a899.23
_bSOL
_dKIH
100 0 _aSolehah ishak,
_eauthor
245 1 0 _aTahap drama kontemporari - abstrak atau absurd
264 1 _bUniversiti Kebangsaan Malaysia ,
300 _c27 cm
336 _2rdacontent
_atext
337 _2rdamedia
_aunmediated
338 _2rdacarrier
_avolume
942 _ddc
_cB
999 _c109082
_d109082